| 000 | 00377nam a22001577a 4500 | ||
|---|---|---|---|
| 003 | SGT | ||
| 020 | _a97890502551638 | ||
| 082 |
_a610.7367 _bE11B |
||
| 100 | _aBASAVANTHAPPA, B.T. | ||
| 245 | _aESSENTIALS OF MIDWIFERY & OBSTETRICAL NURSING | ||
| 250 | _a1ST | ||
| 260 |
_aINDIA _bJAYPEE PUB _c2011 |
||
| 300 | _a659 | ||
| 650 | _aOBSTETRIC NURSING | ||
| 942 |
_2ddc _cBK _026 |
||
| 999 |
_c21909 _d21909 |
||